[Event "34. Torneo Internacional La Roda"]
[Site "La Roda ESP"]
[Date "2007.04.07"]
[Round "6.13"]
[White "Krivoshey, Sergei"]
[Black "Serna Lara, Sergio"]
[Result "1-0"]
[WhiteElo "2475"]
[BlackElo "2251"]
[PlyCount "90"]
[EventDate "2007.04.04"]
[EventType "swiss"]
[EventRounds "9"]
[EventCountry "ESP"]
[Source "lmi"]
[SourceDate "2007.04.04"]

1. d4 d5 2. c4 c6 3. Nf3 Nf6 4. Qb3 dxc4 5. Qxc4 Bf5 6. g3 e6 7. Bg2 Be7 8. O-O
Nbd7 9. Nc3 O-O 10. Re1 Ne4 11. Qb3 Qb6 12. Nh4 Qxb3 13. axb3 Bb4 14. Nxf5 exf5
15. Ra4 a5 16. Bxe4 fxe4 17. Bd2 Nb6 18. Ra2 Rfe8 19. e3 Bxc3 20. Bxc3 a4 21.
bxa4 Rxa4 22. Rxa4 Nxa4 23. Ra1 Ra8 24. g4 Nb6 25. Rxa8+ Nxa8 26. f3 exf3 27.
Kf2 f6 28. Kxf3 Kf7 29. Ba5 b6 30. Be1 Nc7 31. e4 Ke6 32. Bf2 b5 33. Bg3 Ne8
34. Bb8 g6 35. Kf4 Ng7 36. h3 Kd7 37. d5 cxd5 38. exd5 Kc8 39. Bd6 Kd7 40. Bf8
Ne8 41. b3 Nc7 42. Ke4 Ke8 43. Bd6 Na6 44. Kd4 Kd7 45. Bf4 Ke7 1-0

[Event "34. Torneo Internacional La Roda"]
[Site "La Roda ESP"]
[Date "2007.04.07"]
[Round "6.14"]
[White "Castellanos, Renier"]
[Black "Martinez Lozano, Miguel Angel"]
[Result "1-0"]
[WhiteElo "2471"]
[BlackElo "2194"]
[PlyCount "47"]
[EventDate "2007.04.04"]
[EventType "swiss"]
[EventRounds "9"]
[EventCountry "ESP"]
[Source "lmi"]
[SourceDate "2007.04.04"]

1. e4 c5 2. Nf3 d6 3. d4 cxd4 4. Nxd4 Nf6 5. Nc3 a6 6. Bg5 e6 7. f4 Qb6 8. Qd2
Nc6 9. Bxf6 gxf6 10. Nb3 Bd7 11. O-O-O O-O-O 12. Be2 h5 13. Kb1 Kb8 14. h4 Qc7
15. Bf3 Na5 16. Qe2 Nc4 17. Bxh5 Rc8 18. Rh3 f5 19. exf5 Bg7 20. Rdd3 Nxb2 21.
Rdg3 Bf6 22. Kxb2 b5 23. Kb1 Qb6 24. Ne4 1-0

[Event "34. Torneo Internacional La Roda"]
[Site "La Roda ESP"]
[Date "2007.04.07"]
[Round "6.15"]
[White "Pogorelov, Ruslan"]
[Black "Campayo Hernandez, Juan"]
[Result "1-0"]
[WhiteElo "2462"]
[BlackElo "2114"]
[PlyCount "101"]
[EventDate "2007.04.04"]
[EventType "swiss"]
[EventRounds "9"]
[EventCountry "ESP"]
[Source "lmi"]
[SourceDate "2007.04.04"]

1. Nf3 d5 2. d4 c6 3. c4 e6 4. Nc3 dxc4 5. e3 b5 6. a4 Bb4 7. Bd2 a5 8. axb5
Bxc3 9. Bxc3 cxb5 10. b3 Bb7 11. bxc4 b4 12. Bb2 Nf6 13. Bd3 O-O 14. O-O Nbd7
15. Re1 Ne4 16. Bxe4 Bxe4 17. Nd2 Bb7 18. e4 e5 19. d5 Qc7 20. f4 f6 21. fxe5
Nxe5 22. Bxe5 fxe5 23. Kh1 Bc8 24. Rc1 Rf2 25. c5 Qe7 26. Rf1 Bg4 27. Qxg4 Rxd2
28. d6 Qe8 29. Rfd1 Rxd1+ 30. Rxd1 h5 31. Qe2 Qc6 32. Qc4+ Kh7 33. h3 b3 34.
Qxb3 Qxc5 35. Qf7 Rd8 36. d7 Qc7 37. Qxh5+ Kg8 38. Qe8+ Kh7 39. Kh2 a4 40. Rd3
Qb6 41. Qxe5 a3 42. Rxa3 Kh8 43. Rd3 Qg6 44. Rd6 Qf7 45. Qf5 Qxf5 46. exf5 Kg8
47. g4 Kf7 48. Rd2 Ke7 49. Kg3 Kf6 50. Kf4 Ke7 51. Kg5 1-0

[Event "34. Torneo Internacional La Roda"]
[Site "La Roda ESP"]
[Date "2007.04.07"]
[Round "6.16"]
[White "Ribeiro, Jose"]
[Black "Rojas, Luis"]
[Result "1/2-1/2"]
[WhiteElo "2094"]
[BlackElo "2414"]
[PlyCount "87"]
[EventDate "2007.04.04"]
[EventType "swiss"]
[EventRounds "9"]
[EventCountry "ESP"]
[Source "lmi"]
[SourceDate "2007.04.04"]

1. e4 e6 2. d4 d5 3. exd5 exd5 4. Bd3 Nc6 5. c3 Bd6 6. Ne2 Qf6 7. Ng3 g6 8. Nd2
Be6 9. Qf3 Qe7 10. Nb3 O-O-O 11. Be3 f5 12. O-O-O Nf6 13. Bf4 Ne4 14. Bxd6 Qxd6
15. Ne2 g5 16. g3 Rde8 17. Qg2 a5 18. f3 a4 19. Na1 Nf6 20. Nc2 Bd7 21. h4 g4
22. Nf4 gxf3 23. Qxf3 Ne4 24. Ne3 Ne7 25. Bxe4 fxe4 26. Qe2 c6 27. c4 Nf5 28.
Nxf5 Bxf5 29. c5 Qc7 30. Qe3 Rhg8 31. Rhg1 Rg7 32. Nh5 Rg6 33. Rdf1 Be6 34. g4
Rxg4 35. Rxg4 Bxg4 36. Nf6 Rf8 37. Rf4 h5 38. Nxd5 Qd8 39. Rxf8 Qxf8 40. Qf4
Qxf4+ 41. Nxf4 Kd7 42. Kd2 Ke7 43. Ke3 Bf3 44. d5 1/2-1/2

[Event "34. Torneo Internacional La Roda"]
[Site "La Roda ESP"]
[Date "2007.04.07"]
[Round "6.17"]
[White "Garcia Roman, Jose Luis Machado"]
[Black "Pomes Marcet, Juan"]
[Result "1/2-1/2"]
[WhiteElo "1968"]
[BlackElo "2388"]
[PlyCount "73"]
[EventDate "2007.04.04"]
[EventType "swiss"]
[EventRounds "9"]
[EventCountry "ESP"]
[Source "lmi"]
[SourceDate "2007.04.04"]

1. Nf3 d5 2. d4 Nf6 3. g3 c6 4. Bg2 Bg4 5. Ne5 Bf5 6. Nd2 Nbd7 7. Ndf3 e6 8.
O-O Be7 9. c4 dxc4 10. Nxc4 O-O 11. Bf4 Nd5 12. Bd6 N7b6 13. Bxe7 Qxe7 14. Nfe5
Nxc4 15. Nxc4 Nf6 16. e3 Rfd8 17. Qe2 Qb4 18. Rac1 Be4 19. a3 Qb5 20. Bxe4 Nxe4
21. Qc2 Qd5 22. f3 Nf6 23. Ne5 Rac8 24. b4 Qb5 25. Rfd1 Nd5 26. Kf2 a5 27. e4
Nc7 28. Qc5 f6 29. Nc4 axb4 30. Nb6 Rb8 31. axb4 Na6 32. Qxb5 cxb5 33. d5 Rd6
34. Nc8 Rd8 35. Nb6 Rd6 36. Nc8 Rd8 37. Nb6 1/2-1/2

[Event "34. Torneo Internacional La Roda"]
[Site "La Roda ESP"]
[Date "2007.04.07"]
[Round "6.18"]
[White "Jordan Martinez, David"]
[Black "Spassov, Liuben"]
[Result "0-1"]
[WhiteElo "2120"]
[BlackElo "2389"]
[PlyCount "89"]
[EventDate "2007.04.04"]
[EventType "swiss"]
[EventRounds "9"]
[EventCountry "ESP"]
[Source "lmi"]
[SourceDate "2007.04.04"]

1. e4 c5 2. c3 Nf6 3. e5 Nd5 4. Nf3 d6 5. exd6 Qxd6 6. d4 cxd4 7. cxd4 g6 8.
Nc3 Bg7 9. Be2 O-O 10. O-O Nc6 11. Be3 Bf5 12. Qd2 Nxe3 13. fxe3 Bh6 14. Rfe1
Rad8 15. Bc4 a6 16. a3 b5 17. Ba2 e5 18. d5 Ne7 19. Qf2 e4 20. Nd4 Qe5 21. Rad1
Bg7 22. Rd2 Rd6 23. Qh4 Re8 24. Nde2 h5 25. Nd4 Bf6 26. Qf2 Kg7 27. Rf1 h4 28.
Bb3 Bg5 29. Nde2 Rf8 30. Rd4 Ng8 31. Nf4 Nf6 32. Qe2 Re8 33. a4 bxa4 34. Bxa4
Rb8 35. Bc6 Ng4 36. h3 Nf6 37. Ra4 Bc8 38. Qc2 Rd8 39. Rf2 Rb6 40. Nxe4 Bf5 41.
Qc5 Nxe4 42. Rxe4 Rxc6 43. Rxe5 Rxc5 44. e4 Bf6 45. Nh5+ 0-1

[Event "34. Torneo Internacional La Roda"]
[Site "La Roda ESP"]
[Date "2007.04.07"]
[Round "6.19"]
[White "Kovacevic, Slobodan"]
[Black "Krug Cortegoso, Martin"]
[Result "1-0"]
[WhiteElo "2325"]
[BlackElo "2099"]
[PlyCount "79"]
[EventDate "2007.04.04"]
[EventType "swiss"]
[EventRounds "9"]
[EventCountry "ESP"]
[Source "lmi"]
[SourceDate "2007.04.04"]

1. d4 d6 2. Bf4 Nf6 3. Nf3 c5 4. e3 Qb6 5. Qc1 g6 6. h3 Bg7 7. c3 O-O 8. Nbd2
Bf5 9. Be2 Nc6 10. Nc4 Qd8 11. dxc5 d5 12. Ncd2 a5 13. a4 Nd7 14. Nb3 h6 15.
O-O e5 16. Bg3 Qe7 17. Bb5 Rfc8 18. Rd1 Be6 19. Qc2 Bf5 20. Qe2 Be6 21. Rac1 d4
22. Bc4 dxe3 23. Bxe6 Qxe6 24. Qb5 exf2+ 25. Bxf2 Nf8 26. Nfd2 g5 27. Re1 Ng6
28. Rcd1 Nf4 29. Ne4 Na7 30. Qb6 Nc6 31. Nd6 Rcb8 32. Nc1 Bf6 33. Nd3 Ne7 34.
Nxf4 gxf4 35. Qb5 Kh8 36. Qc4 Qxc4 37. Nxc4 Rg8 38. Nxe5 Bxe5 39. Rxe5 Nc6 40.
Rf5 1-0

[Event "34. Torneo Internacional La Roda"]
[Site "La Roda ESP"]
[Date "2007.04.07"]
[Round "7.1"]
[White "Khamrakulov, Ibragim S"]
[Black "Petkov, Vladimir"]
[Result "1/2-1/2"]
[WhiteElo "2545"]
[BlackElo "2456"]
[PlyCount "21"]
[EventDate "2007.04.04"]
[EventType "swiss"]
[EventRounds "9"]
[EventCountry "ESP"]
[Source "lmi"]
[SourceDate "2007.04.04"]

1. c4 c5 2. g3 Nc6 3. Bg2 g6 4. e3 Bg7 5. Ne2 e5 6. Nbc3 Nge7 7. a3 O-O 8. Rb1
a5 9. O-O d6 10. Nd5 Nxd5 11. cxd5 1/2-1/2

[Event "34. Torneo Internacional La Roda"]
[Site "La Roda ESP"]
[Date "2007.04.07"]
[Round "7.2"]
[White "Borges Mateos, Juan"]
[Black "Paunovic, Dragan"]
[Result "0-1"]
[WhiteElo "2482"]
[BlackElo "2524"]
[PlyCount "68"]
[EventDate "2007.04.04"]
[EventType "swiss"]
[EventRounds "9"]
[EventCountry "ESP"]
[Source "lmi"]
[SourceDate "2007.04.04"]

1. Nf3 Nf6 2. c4 g6 3. g3 Bg7 4. Bg2 O-O 5. O-O d5 6. d4 Nc6 7. Nbd2 dxc4 8.
Nxc4 Be6 9. b3 Bd5 10. Bb2 a5 11. Ne3 Be4 12. Ne5 Bxg2 13. Kxg2 Nd5 14. N3c4
Nxe5 15. Nxe5 a4 16. Qc1 axb3 17. axb3 Rxa1 18. Bxa1 c6 19. e4 Nc7 20. Nf3 Qd7
21. Rd1 Rd8 22. h3 e6 23. Qe3 Qe7 24. h4 h5 25. Bb2 Nb5 26. Ng5 c5 27. e5 Bh6
28. Qe2 Nxd4 29. Bxd4 Bxg5 30. hxg5 Rxd4 31. Rxd4 cxd4 32. f4 Qb4 33. Qc4 Qd2+
34. Kh3 Qd1 0-1

[Event "34. Torneo Internacional La Roda"]
[Site "La Roda ESP"]
[Date "2007.04.07"]
[Round "7.3"]
[White "Guerra Bastida, Diego"]
[Black "Velicka, Petr"]
[Result "1/2-1/2"]
[WhiteElo "2371"]
[BlackElo "2504"]
[PlyCount "71"]
[EventDate "2007.04.04"]
[EventType "swiss"]
[EventRounds "9"]
[EventCountry "ESP"]
[Source "lmi"]
[SourceDate "2007.04.04"]

1. d4 d5 2. c4 dxc4 3. Nf3 Nf6 4. e3 a6 5. Bxc4 c5 6. O-O e6 7. b3 cxd4 8. Nxd4
Bd6 9. Ba3 Bxa3 10. Nxa3 Qa5 11. Qc1 O-O 12. Be2 b5 13. Nac2 e5 14. Nf3 Nc6 15.
a4 b4 16. Na3 Qc7 17. Nc4 e4 18. Nd4 Nxd4 19. exd4 Nd5 20. Re1 Nc3 21. Bf1 Be6
22. Re3 Rad8 23. Rxc3 bxc3 24. Qxc3 Rd7 25. Qe3 Rfd8 26. Rd1 Bd5 27. Ne5 Rd6
28. Nc4 Rc6 29. a5 f5 30. Nb6 Bf7 31. Bc4 Rxb6 32. axb6 Qxb6 33. Bxf7+ Kxf7 34.
Qc3 Rd5 35. Qc4 Qb5 36. g3 1/2-1/2

[Event "34. Torneo Internacional La Roda"]
[Site "La Roda ESP"]
[Date "2007.04.07"]
[Round "7.4"]
[White "Hernandez Carmenates, Holden"]
[Black "Pogorelov, Ruslan"]
[Result "1-0"]
[WhiteElo "2541"]
[BlackElo "2462"]
[PlyCount "111"]
[EventDate "2007.04.04"]
[EventType "swiss"]
[EventRounds "9"]
[EventCountry "ESP"]
[Source "lmi"]
[SourceDate "2007.04.04"]

1. Nf3 Nf6 2. c4 e6 3. Nc3 Bb4 4. Qc2 O-O 5. a3 Bxc3 6. Qxc3 b6 7. b4 Bb7 8.
Bb2 d6 9. g3 Nbd7 10. Bg2 Ne5 11. O-O Nxf3+ 12. Bxf3 Bxf3 13. Qxf3 e5 14. d3
Qd7 15. e4 a5 16. b5 Qh3 17. Qe2 Nd7 18. f4 f6 19. f5 Nc5 20. Rf2 Rae8 21. Raf1
Re7 22. Bc1 Rfe8 23. Be3 h5 24. Rg2 Qg4 25. Qd2 Kf7 26. h3 Qxh3 27. Rh2 Qg4 28.
Kh1 Rh8 29. Rh4 Qxg3 30. Rh2 Nb3 31. Qe2 Nd4 32. Bxd4 exd4 33. Rf3 Qg5 34. Qb2
Re5 35. Rfh3 h4 36. Rg2 Qh5 37. Qxd4 Qd1+ 38. Kh2 Qe1 39. Qb2 Rh5 40. Rg1 Rxe4
41. Rxe1 Rxe1 42. Qf2 Re5 43. Rf3 Rg5 44. d4 Re8 45. Qxh4 Re2+ 46. Rf2 Re3 47.
Rg2 Rxf5 48. Qh7 Rg5 49. Rxg5 fxg5 50. Qf5+ Kg8 51. Qc8+ Kh7 52. Qxc7 Rxa3 53.
Qxb6 a4 54. Qxd6 Rb3 55. Qa6 a3 56. c5 1-0

[Event "34. Torneo Internacional La Roda"]
[Site "La Roda ESP"]
[Date "2007.04.07"]
[Round "7.5"]
[White "Suba, Mihai"]
[Black "Bellon Lopez, Juan Manuel"]
[Result "1-0"]
[WhiteElo "2537"]
[BlackElo "2425"]
[PlyCount "33"]
[EventDate "2007.04.04"]
[EventType "swiss"]
[EventRounds "9"]
[EventCountry "ESP"]
[Source "lmi"]
[SourceDate "2007.04.04"]

1. Nf3 c5 2. g3 Nc6 3. d4 cxd4 4. Nxd4 g6 5. Bg2 Bg7 6. Nb3 d6 7. e4 Be6 8. O-O
Qd7 9. Re1 Bh3 10. Na3 h5 11. Be3 Bxg2 12. Kxg2 h4 13. g4 h3+ 14. Kh1 O-O-O 15.
c4 f5 16. exf5 gxf5 17. g5 1-0

[Event "34. Torneo Internacional La Roda"]
[Site "La Roda ESP"]
[Date "2007.04.07"]
[Round "7.6"]
[White "Mirzoev, Azer"]
[Black "Saldano, Horacio"]
[Result "1/2-1/2"]
[WhiteElo "2535"]
[BlackElo "2422"]
[PlyCount "162"]
[EventDate "2007.04.04"]
[EventType "swiss"]
[EventRounds "9"]
[EventCountry "ESP"]
[Source "lmi"]
[SourceDate "2007.04.04"]

1. d4 Nf6 2. c4 g6 3. Nc3 Bg7 4. g3 c5 5. d5 d6 6. Bg2 O-O 7. Nf3 e6 8. O-O
exd5 9. cxd5 a6 10. a4 Re8 11. Nd2 Nbd7 12. h3 Rb8 13. Nc4 Ne5 14. Na3 Nh5 15.
Kh2 Bd7 16. f4 b5 17. Ne4 Bf5 18. Nd2 Nc4 19. Naxc4 bxc4 20. Nxc4 Rb4 21. Nd2
Bxb2 22. Bxb2 Rxb2 23. e4 Bxe4 24. Rf2 Bxg2 25. Rxg2 Nf6 26. f5 Re5 27. fxg6
hxg6 28. Qc1 Rb4 29. Qf1 a5 30. Rf2 Rxd5 31. Ra3 Rbd4 32. Nc4 Rf5 33. Rxf5 gxf5
34. Rf3 d5 35. Ne3 Rd2+ 36. Kg1 Qe8 37. Nxf5 Qe2 38. Qxe2 Rxe2 39. Nd4 cxd4 40.
Rxf6 d3 41. Kf1 Re4 42. Rf2 Rxa4 43. Rd2 Ra3 44. Kf2 Rb3 45. Ke3 a4 46. Kd4 a3
47. h4 Kg7 48. Ra2 d2 49. Rxd2 Rxg3 50. Kxd5 Rg4 51. Ra2 Ra4 52. Kc5 Kg6 53.
Kb5 Rxh4 54. Rxa3 Rd4 55. Kc5 Re4 56. Rg3+ Kf5 57. Kd5 Re5+ 58. Kd4 f6 59. Rf3+
Kg5 60. Rf1 Re2 61. Kd3 Re5 62. Kd4 Kg6 63. Rg1+ Kf7 64. Ra1 Ke6 65. Rb1 Kf7
66. Ra1 Re2 67. Kd3 Re6 68. Rf1 Kg6 69. Rg1+ Kh5 70. Rh1+ Kg4 71. Rg1+ Kf3 72.
Rf1+ Kg2 73. Rf5 Kg3 74. Rf1 Kg4 75. Rg1+ Kh5 76. Rh1+ Kg6 77. Rg1+ Kf7 78. Rf1
Re5 79. Kd4 Re8 80. Kd3 Re7 81. Kd4 Re5 1/2-1/2

[Event "34. Torneo Internacional La Roda"]
[Site "La Roda ESP"]
[Date "2007.04.07"]
[Round "7.7"]
[White "Lalic, Bogdan"]
[Black "Minzer, Claudio Javier"]
[Result "1/2-1/2"]
[WhiteElo "2519"]
[BlackElo "2414"]
[PlyCount "68"]
[EventDate "2007.04.04"]
[EventType "swiss"]
[EventRounds "9"]
[EventCountry "ESP"]
[Source "lmi"]
[SourceDate "2007.04.04"]

1. d4 Nf6 2. Nf3 g6 3. c4 c5 4. d5 b5 5. cxb5 a6 6. bxa6 Bxa6 7. Nc3 d6 8. g3
Bg7 9. Bg2 Nbd7 10. Rb1 O-O 11. O-O Qa5 12. Bd2 Rab8 13. Qc2 Rfc8 14. a4 Qd8
15. b3 Nb6 16. Nh4 Na8 17. Rfe1 Nc7 18. h3 Bb7 19. e4 Na6 20. Na2 Nd7 21. Bc3
Nb4 22. Qd2 Nxa2 23. Bxg7 Kxg7 24. Qxa2 Ba6 25. Nf3 f6 26. Bf1 Bxf1 27. Kxf1
Rb4 28. Kg2 Qa5 29. Qe2 Rcb8 30. Nd2 Nb6 31. Rbc1 Kg8 32. Kh2 c4 33. Nxc4 Rxb3
34. Qg4 Nxc4 1/2-1/2

[Event "34. Torneo Internacional La Roda"]
[Site "La Roda ESP"]
[Date "2007.04.07"]
[Round "7.9"]
[White "Kozakov, Mikhail"]
[Black "Krivoshey, Sergei"]
[Result "1/2-1/2"]
[WhiteElo "2415"]
[BlackElo "2475"]
[PlyCount "86"]
[EventDate "2007.04.04"]
[EventType "swiss"]
[EventRounds "9"]
[EventCountry "ESP"]
[Source "lmi"]
[SourceDate "2007.04.04"]

1. e4 e6 2. d4 d5 3. Nd2 c5 4. exd5 Qxd5 5. Ngf3 cxd4 6. Bc4 Qd6 7. O-O Nf6 8.
Nb3 Nc6 9. Nbxd4 Nxd4 10. Nxd4 Bd7 11. b3 a6 12. Bb2 Qc7 13. Qe2 O-O-O 14. Nf3
Bd6 15. Ne5 Be8 16. f4 Nd7 17. Rad1 Nxe5 18. Bxe5 Bc6 19. Qe3 Bxe5 20. fxe5
Rxd1 21. Rxd1 Rd8 22. Rxd8+ Qxd8 23. Qc5 Kc7 24. a4 Qd1+ 25. Bf1 Qd5 26. Qxd5
Bxd5 27. a5 Be4 28. c4 b6 29. axb6+ Kxb6 30. b4 a5 31. bxa5+ Kxa5 32. Kf2 Kb6
33. Ke3 Bc6 34. Kd4 h6 35. g3 f6 36. Be2 Be8 37. h4 Kc6 38. Bd1 Kc7 39. exf6
gxf6 40. Kc5 Bc6 41. Bg4 e5 42. Bf5 Bf3 43. Be6 Be4 1/2-1/2

[Event "34. Torneo Internacional La Roda"]
[Site "La Roda ESP"]
[Date "2007.04.07"]
[Round "7.10"]
[White "Ivanov, Jordan"]
[Black "Castellanos, Renier"]
[Result "1/2-1/2"]
[WhiteElo "2381"]
[BlackElo "2471"]
[PlyCount "113"]
[EventDate "2007.04.04"]
[EventType "swiss"]
[EventRounds "9"]
[EventCountry "ESP"]
[Source "lmi"]
[SourceDate "2007.04.04"]

1. Nf3 Nf6 2. c4 g6 3. Nc3 Bg7 4. e4 O-O 5. d4 d6 6. h3 e5 7. d5 a5 8. Bg5 Na6
9. Be2 Bd7 10. O-O Nc5 11. Nd2 h6 12. Be3 Nh7 13. Qc2 Ng5 14. Nf3 Nxf3+ 15.
Bxf3 f5 16. exf5 gxf5 17. Be2 Qf6 18. f4 exf4 19. Bxf4 Rae8 20. Bh5 Re7 21.
Rad1 Qh4 22. Be2 Bxc3 23. bxc3 Ba4 24. Qd2 Bxd1 25. Bxd1 Ne4 26. Qd3 Qf6 27.
Rf3 Qxc3 28. Bxh6 Qxd3 29. Rxd3 Rb8 30. g4 Nc5 31. Rd2 f4 32. Bxf4 Rf8 33. Bh6
Re1+ 34. Kg2 Ne4 35. Rb2 Rf6 36. g5 Rxh6 37. gxh6 Rxd1 38. Rxb7 Rd3 39. Rxc7
Rg3+ 40. Kh2 Ra3 41. Kg2 Rg3+ 42. Kh2 Rg6 43. a4 Rxh6 44. Ra7 Rf6 45. Rxa5 Rf2+
46. Kg1 Rc2 47. Ra8+ Kf7 48. a5 Rxc4 49. a6 Ra4 50. a7 Nf6 51. Rd8 Rxa7 52.
Rxd6 Ra2 53. h4 Rd2 54. h5 Nxh5 55. Rh6 Rxd5 56. Kf2 Nf6 57. Kf3 1/2-1/2

[Event "34. Torneo Internacional La Roda"]
[Site "La Roda ESP"]
[Date "2007.04.07"]
[Round "7.11"]
[White "Radulski, Julian"]
[Black "Dias, Paulo"]
[Result "1-0"]
[WhiteElo "2485"]
[BlackElo "2413"]
[PlyCount "69"]
[EventDate "2007.04.04"]
[EventType "swiss"]
[EventRounds "9"]
[EventCountry "ESP"]
[Source "lmi"]
[SourceDate "2007.04.04"]

1. e4 e5 2. Nf3 Nc6 3. Bb5 Nf6 4. d4 Nxe4 5. Qe2 Nd6 6. Bg5 Be7 7. Bxe7 Qxe7 8.
Bxc6 dxc6 9. dxe5 Nf5 10. Nc3 Bd7 11. O-O-O O-O-O 12. Qe4 Be6 13. Qf4 h6 14.
Qa4 a6 15. h3 Rxd1+ 16. Rxd1 Rd8 17. Rxd8+ Qxd8 18. Qe4 c5 19. g4 Nd4 20. Nxd4
cxd4 21. Ne2 c5 22. Nf4 Qa5 23. a3 Qb5 24. Qd3 Qxd3 25. Nxd3 c4 26. Nf4 Kd7 27.
Ne2 Kc6 28. Nxd4+ Kd5 29. Nxe6 fxe6 30. Kd2 Kxe5 31. Ke3 g5 32. a4 Kd5 33. f4
gxf4+ 34. Kxf4 Kd4 35. h4 1-0

[Event "34. Torneo Internacional La Roda"]
[Site "La Roda ESP"]
[Date "2007.04.07"]
[Round "7.12"]
[White "Koziak, Vitali"]
[Black "Gimeno Higueras, Roberto"]
[Result "1-0"]
[WhiteElo "2461"]
[BlackElo "2198"]
[PlyCount "53"]
[EventDate "2007.04.04"]
[EventType "swiss"]
[EventRounds "9"]
[EventCountry "ESP"]
[Source "lmi"]
[SourceDate "2007.04.04"]

1. d4 d5 2. c4 dxc4 3. e4 e5 4. Nf3 exd4 5. Bxc4 Bb4+ 6. Nbd2 Qe7 7. O-O Nc6 8.
Nb3 Nf6 9. Nbxd4 Nxd4 10. Qxd4 Qxe4 11. Bxf7+ Ke7 12. Qxe4+ Nxe4 13. Bb3 h6 14.
Bf4 Bg4 15. Rae1 Bxe1 16. Rxe1 Kf6 17. Rxe4 Bxf3 18. gxf3 Rhe8 19. Bxc7 Rac8
20. Bf4 g5 21. Be3 Rxe4 22. fxe4 Ke5 23. f3 g4 24. fxg4 Kxe4 25. Kf2 Rc6 26.
Bxa7 Kd3 27. h4 1-0

[Event "34. Torneo Internacional La Roda"]
[Site "La Roda ESP"]
[Date "2007.04.07"]
[Round "7.13"]
[White "Mateo, Ramon"]
[Black "Sanchez Jerez, Emilio"]
[Result "1-0"]
[WhiteElo "2448"]
[BlackElo "2174"]
[PlyCount "69"]
[EventDate "2007.04.04"]
[EventType "swiss"]
[EventRounds "9"]
[EventCountry "ESP"]
[Source "lmi"]
[SourceDate "2007.04.04"]

1. d4 f5 2. Bf4 Nf6 3. e3 d6 4. h3 g6 5. c3 Bg7 6. Qb3 c6 7. Nf3 Qb6 8. Nbd2
Qxb3 9. axb3 a6 10. b4 Nbd7 11. b5 cxb5 12. Bxb5 Nd5 13. O-O Nc7 14. Bc4 e5 15.
Bh2 Ke7 16. Ba2 b5 17. e4 f4 18. g3 fxg3 19. fxg3 Rf8 20. g4 Ne6 21. Bd5 Rb8
22. Bxe6 Kxe6 23. d5+ Ke7 24. Bg3 Nc5 25. Bh4+ Bf6 26. Ng5 Bxg5 27. Bxg5+ Ke8
28. Rxf8+ Kxf8 29. Rf1+ Kg7 30. Bf6+ Kh6 31. Be7 Nd3 32. Bxd6 Rb6 33. Bf8+ Kg5
34. Rf7 Kh4 35. Rxh7+ 1-0

[Event "34. Torneo Internacional La Roda"]
[Site "La Roda ESP"]
[Date "2007.04.07"]
[Round "7.14"]
[White "Rojas, Luis"]
[Black "Espinosa Aranda, Angel"]
[Result "1-0"]
[WhiteElo "2414"]
[BlackElo "2161"]
[PlyCount "47"]
[EventDate "2007.04.04"]
[EventType "swiss"]
[EventRounds "9"]
[EventCountry "ESP"]
[Source "lmi"]
[SourceDate "2007.04.04"]

1. e4 c5 2. Nf3 d6 3. d4 cxd4 4. Nxd4 Nf6 5. Nc3 Nc6 6. Bc4 e6 7. Bb3 a6 8. O-O
Qc7 9. Be3 Be7 10. f4 b5 11. f5 Nxd4 12. Qxd4 O-O 13. fxe6 fxe6 14. a4 Bd7 15.
axb5 axb5 16. h3 Kh8 17. Qb4 Qb7 18. e5 Rxa1 19. Rxa1 Ne8 20. Ra7 Qc8 21. Nxb5
Qc6 22. Nc3 Qc8 23. Ne4 Qd8 24. Qb7 1-0

[Event "34. Torneo Internacional La Roda"]
[Site "La Roda ESP"]
[Date "2007.04.07"]
[Round "7.16"]
[White "Pomes Marcet, Juan"]
[Black "Garcia Gata, Jorge D"]
[Result "1-0"]
[WhiteElo "2388"]
[BlackElo "2134"]
[PlyCount "77"]
[EventDate "2007.04.04"]
[EventType "swiss"]
[EventRounds "9"]
[EventCountry "ESP"]
[Source "lmi"]
[SourceDate "2007.04.04"]

1. d4 Nf6 2. c4 c5 3. d5 b5 4. cxb5 a6 5. bxa6 g6 6. Nc3 Bxa6 7. g3 d6 8. Bg2
Bg7 9. Nf3 Nbd7 10. Rb1 Nb6 11. b3 Qc7 12. O-O O-O 13. Re1 Qb7 14. e4 Ne8 15.
Qc2 Nc7 16. a4 Rfb8 17. Bg5 h6 18. Bxe7 Ne8 19. Bxd6 Nxd6 20. e5 Nf5 21. d6 Qd7
22. a5 Nc8 23. Ne4 Bb5 24. Nxc5 Qd8 25. g4 Nh4 26. Nxh4 Qxh4 27. Bxa8 Rxa8 28.
Qe4 Rxa5 29. d7 Nb6 30. e6 fxe6 31. Qxg6 Nxd7 32. Qxe6+ Kh8 33. Nxd7 Bxd7 34.
Qxd7 Be5 35. Qc8+ Kg7 36. Qb7+ Kh8 37. Rxe5 Qxg4+ 38. Kh1 Rxe5 39. Qb8+ 1-0

[Event "34. Torneo Internacional La Roda"]
[Site "La Roda ESP"]
[Date "2007.04.07"]
[Round "7.17"]
[White "Guetas Sanchez, Hugo"]
[Black "Antoli Royo, Joaquin Miguel"]
[Result "0-1"]
[WhiteElo "2135"]
[BlackElo "2356"]
[PlyCount "68"]
[EventDate "2007.04.04"]
[EventType "swiss"]
[EventRounds "9"]
[EventCountry "ESP"]
[Source "lmi"]
[SourceDate "2007.04.04"]

1. e4 c5 2. Nc3 a6 3. g3 b5 4. Bg2 Bb7 5. d3 e6 6. Nh3 b4 7. Ne2 d5 8. O-O Nd7
9. exd5 Bxd5 10. Bxd5 exd5 11. Nef4 Nb6 12. Re1+ Be7 13. d4 c4 14. a3 a5 15.
axb4 axb4 16. Rxa8 Nxa8 17. Qf3 Nf6 18. g4 h6 19. Re5 Nc7 20. g5 hxg5 21. Rxg5
g6 22. Kh1 Qd7 23. Rg1 Ne4 24. Qe3 g5 25. Nxg5 Qf5 26. Nxe4 dxe4 27. Re1 Qh7
28. h3 f5 29. Rg1 Bd6 30. Rg3 Qf7 31. Ng6 Rh5 32. Rg5 Nd5 33. Qe2 Rxh3+ 34. Kg1
Qh7 0-1

[Event "34. Torneo Internacional La Roda"]
[Site "La Roda ESP"]
[Date "2007.04.07"]
[Round "7.18"]
[White "Lopez Quevedo, Angel Carlos"]
[Black "Kovacevic, Slobodan"]
[Result "0-1"]
[WhiteElo "2121"]
[BlackElo "2325"]
[PlyCount "64"]
[EventDate "2007.04.04"]
[EventType "swiss"]
[EventRounds "9"]
[EventCountry "ESP"]
[Source "lmi"]
[SourceDate "2007.04.04"]

1. d4 Nf6 2. c4 e6 3. Nf3 c5 4. d5 exd5 5. cxd5 d6 6. Nc3 g6 7. e4 a6 8. a4 Bg4
9. h3 Bxf3 10. Qxf3 Qe7 11. Bd3 Nbd7 12. O-O Bg7 13. Re1 O-O 14. Qd1 Rac8 15.
Bf4 Nh5 16. Bh2 Bd4 17. Ne2 Bg7 18. Nc3 Rb8 19. Kh1 Be5 20. Bxe5 Nxe5 21. g3 b5
22. axb5 axb5 23. Be2 b4 24. Na4 Nf6 25. f4 Nxe4 26. Kg2 Nd7 27. Bf3 f5 28.
Bxe4 fxe4 29. Re3 Nf6 30. Qd2 Qb7 31. Rd1 Ra8 32. b3 c4 0-1